Logo BPK

Biblioteka

Politechniki Koszalińskiej

Kinetyka chemiczna w układach jednorodnych / (Rekord nr 22243)

Szczegóły MARC
000 -ETYKIETA REKORDU
podpole kontrolne o stałej długości 00399nam a2200157 i 4500
001 - NUMER KONTROLNY REKORDU
pole kontrolne bg
040 ## - ŹRÓDŁO KATALOGOWANIA
Instytucja, która utworzyła rekord BPK
041 ## - KOD JĘZYKA
Kod języka tekstu pol
080 ## - UNIWERSALNA KLASYFIKACJA DZIESIĘTNA - UKD
UKD 541.12
008 - POLE O STAŁEJ DŁUGOŚCI - DANE KONTROLNE
podpole kontrolne o stałej długości s pl f |000 0 pol
100 1# - NAZWA OSOBOWA
Nazwa osobowa EMANUEL, Nikolaj M.
245 #0 - TYTUŁ/ODPOWIEDZIALNOŚĆ
Tytuł Kinetyka chemiczna w układach jednorodnych /
Pozostałe elementy strefy tytułu i oznaczenia odpowiedzialności N.M. Emanuel, D.G. Knorre.
260 ## - STREFA ADRESU WYDAWNICZEGO
Miejsce wydania Warszawa,
Data publikacji, dystrybucji/powstania dokumentu 1983.
700 1# - HASŁO DODATKOWE - NAZWA OSOBOWA
Nazwa osobowa KNORRE, Dmitrij G.
856 ## - LOKALIZACJA I DOSTĘP DO ELEKTRONICZNYCH DOKUMENTÓW ZDALNYCH
Link (URL) http://koha.tu.koszalin.pl/cgi-bin/koha/opac-detail.pl?biblionumber=22243
Tekst linku Katalog online BPK
942 ## - DODATKOWE ELEMENTY (KOHA)
Typ dokumentu Książka
Egzemplarze
Wycofany Status egzemplarza Uszkodzony Dostępność Lokalizacja stała Lokalizacja bieżąca Miejsce przechowywania Sygnatura Kod kreskowy Typ dokumentu
      Dostępny Biblioteka Politechniki Koszalińskiej Biblioteka Politechniki Koszalińskiej Wypożyczalnia BG 31228 02090634 Książka
      Dostępny Biblioteka Politechniki Koszalińskiej Biblioteka Politechniki Koszalińskiej Wypożyczalnia BG 31229 01575965 Książka
© 2023 Biblioteka Politechniki Koszalińskiej :: KOHA